000 01855nam a22003494a 4500
001 ebr10210228
003 CaPaEBR
006 m u
007 cr cn|||||||||
008 030905s2004 ctua sb 001 0beng
010 _z 2003019754
020 _z0300102216 (alk. paper)
040 _aCaPaEBR
_cCaPaEBR
035 _a(OCoLC)239887283
043 _an-us---
050 1 4 _aBX9225.C6243
_bG65 2004eb
082 0 4 _a285/.1/092
_aB
_222
100 1 _aGoldstein, Warren.
245 1 0 _aWilliam Sloane Coffin, Jr
_h[electronic resource] :
_ba holy impatience /
_cWarren Goldstein.
260 _aNew Haven :
_bYale University Press,
_cc2004.
300 _axiii, 379 p :
_bill.
504 _aIncludes bibliographical references (p. 337-369) and index.
505 0 _aThe great war, Greenwich Village, and the Upper East Side -- Early years -- Europe : music and war -- Russians, White and Red -- The education of a warrior-priest -- From education to vocation -- "Bus-riding chaplain" -- Preaching the word : Coffin in demand -- Wading into the big muddy -- Moments of truth : civil disobedience and the draft -- Marriage and family life -- Activist episodes -- Interregnum -- Down by the riverside -- "Flunking retirement" -- A holy impatience.
533 _aElectronic reproduction.
_bPalo Alto, Calif. :
_cebrary,
_d2013.
_nAvailable via World Wide Web.
_nAccess may be limited to ebrary affiliated libraries.
600 1 0 _aCoffin, William Sloane.
610 2 0 _aPresbyterian Church (U.S.A.)
_xClergy
_vBiography.
610 2 0 _aUnited Church of Christ
_xClergy
_vBiography.
650 0 _aPolitical activists
_zUnited States
_vBiography.
655 7 _aElectronic books.
_2local
710 2 _aebrary, Inc.
856 4 0 _uhttp://site.ebrary.com/lib/rucke/Doc?id=10210228
_zAn electronic book accessible through the World Wide Web; click to view
999 _c124182
_d124182